000 00504nam a22001577a 4500
005 20251108164025.0
008 250721s1998 xx 000 0 ara d
082 1 4 _a621.381/عبد
100 1 _aعبد المتعال، أحمد
245 1 0 _aالكترونيات القدرة و تطبيقاتها العلمية /
264 1 _aالقاهرة :
_bدار النشر للجامعات،
_c1998.
300 _a288ص
650 1 7 _aالهندسة الإلكترونية
942 _2ddc
_cBK
999 _c1684
_d1684